000 00934nam a2200289Ia 4500
001 Z_1751
003 CHAP
008 220113s1999 xx 000 0 und d
010 _a164843
040 _cCHAP
090 _aTesis A 1419
100 _aAlvear Herrera, Ernesto
_95025
245 _aDeterminación mineral en forraje, suelo y suero sanguíneo en bovinos en pastoreo en la Costa de Nayarit /
_cpor Ernesto Alvear Herrera y Erik Rodríguez de la Cruz
260 _aChapingo, Méx. :
_bEl autor,
_c1999
300 _a89 h.
502 _aTesis (Ing. Agr. Esp. en Zootecnia) -- UACH. Departamento de Zootecnia
650 _aForrajes
_xAnálisis
_xNayarit
_9138907
650 _aMinerales en nutrición animal
_975937
650 _aMuestreo de suelos
_979287
700 _aRodríguez de la Cruz, Erik
_998427
901 _aTESIS A 1419
902 _aM
910 _a1999
942 _c2
942 _c2
999 _c164843
_d164843